LEADER 02399 am 2200409 n 450 001 9910567799503321 005 20240104030712.0 010 $a2-35412-352-3 024 7 $a10.4000/books.pupvd.39005 035 $a(CKB)4100000012875245 035 $a(FrMaCLE)OB-pupvd-39005 035 $a(PPN)262388197 035 $a(EXLCZ)994100000012875245 100 $a20220513j|||||||| ||| 0 101 0 $afre 135 $auu||||||m|||| 200 04$aLes très riches heures$eDe l?histoire économique allemande$fJean-Marc Holz 210 $aPerpignan$cPresses universitaires de Perpignan$d2022 215 $a1 online resource (349 p.) 311 $a2-35412-305-1 330 $aComment expliquer la prééminence séculaire de l?économie allemande ? Quels en sont les ressorts ? Pourquoi cette vigueur toujours persistante en dépit d?une histoire mouvementée ? Pour répondre à ces questions, l?auteur analyse une quarantaine d?évènements à l?intersection du politique, du social, du technique et du culturel, qui constituent, du XVIe siècle à nos jours, les dates décisives de l?histoire économique de la « Grande Nation ». Classés par ordre chronologique, ces faits majeurs sont replacés dans leur contexte historique et analysés en détail jusque dans leurs prolongements contemporains. Chaque chapitre est indépendant, mais l?ensemble dresse le portrait d?une Allemagne solide et moderne, tandis que se dessine en filigrane celui d?une France bloquée qui s?appauvrit. Le texte clair, vivant, dense et précis est complété par des documents inédits (statistiques du XIXe siècle à 2017, cartes). L?ouvrage s?adresse aux enseignants, aux élèves de classes préparatoires, aux étudiants d?histoire, études germaniques, économie, études européennes, sciences politiques. Il intéresse également le public soucieux d?une information solide sur les fondements de l?économie allemande. 606 $aEconomics 606 $aHistory 606 $aAllemagne 606 $ahistoire économique 606 $arichesse 615 4$aEconomics 615 4$aHistory 615 4$aAllemagne 615 4$ahistoire économique 615 4$arichesse 700 $aHolz$b Jean-Marc$0299188 801 0$bFR-FrMaCLE 906 $aBOOK 912 $a9910567799503321 996 $aLes très riches heures$93658339 997 $aUNINA